| 000 | 00587nam a2200181Ia 4500 | ||
|---|---|---|---|
| 008 | 100917s9999 xx 000 0 und d | ||
| 082 | _b50042 | ||
| 100 | _aआचार्य रजनीश | ||
| 245 | _aक्रांती - बीज | ||
| 260 |
_bनवसंन्यास आंतरराष्ट्रयि प्रकाशन _c1975 |
||
| 300 | _a148 | ||
| 365 | _b8 | ||
| 520 | _aअध्यात्म | ||
| 630 | _aक्रांती - बीज | ||
| 650 | _aअध्यात्म | ||
| 730 | _aक्रांती - बीज | ||
| 942 | _cBOOK | ||
| 999 |
_c655436 _d655433 |
||